Casa grande

Tallennettuna:
Bibliografiset tiedot
Päätekijä: Orrego Luco, Luis (autor)
Aineistotyyppi: Kirja
Kieli:espanja
Julkaistu: Santiago Zig-Zag 1953
Sarja:Biblioteca de Escritores Chilenos
Aiheet:
Tagit: Lisää tagi
Ei tageja, Lisää ensimmäinen tagi!

MARC

LEADER 00000nam a2200000 a 4500
001 UCZ3378
003 CL-VaPUC
008 951020e19530000CL |||||||||||||||||spa|d
082 0 4 |a Ch863  |b ORR  |2 21 
100 |a Orrego Luco, Luis  |e autor  |9 331914 
245 1 0 |a Casa grande 
300 |a 364 p 
942 |c BK 
945 |d 19951020 00:00:00  |a cmena 
260 |a Santiago  |b Zig-Zag  |c 1953 
650 0 |a Novelas chilenas   |9 265425 
650 0 |a Literatura chilena   |9 308278 
583 |a last modification  |c 19951020 00:00:00  |k Rodrigo Vera 
490 0 |a Biblioteca de Escritores Chilenos 
999 |c 239859  |d 239857 
952 |0 0  |1 0  |4 0  |6 CH_863_000000000000000_ORR_1953  |7 0  |8 P  |9 251306  |a BIBEDU  |b BIBEDU  |c BIBEDU_PB  |d 2019-11-18  |i 1586947  |o Ch863 ORR 1953  |p 1586947  |r 2024-01-25  |w 2019-11-18  |y BK  |k FIL